| 000 | 00436nam a2200193Ia 4500 | ||
|---|---|---|---|
| 005 | 20250423100223.0 | ||
| 008 | 250422s9999 xx 000 0 und d | ||
| 020 | _a0-07-241487-1 | ||
| 050 | _aGN316.K66 | ||
| 100 | _aConrad Phillip Kottak | ||
| 245 | 0 | _aMirror for humanity | |
| 250 | _aThird Edition | ||
| 260 | _aBoston | ||
| 260 | _bMcGraw-Hill | ||
| 260 | _c1996 | ||
| 300 | _a144 p | ||
| 650 | _aEthnology | ||
| 942 | _cBK | ||
| 999 |
_c32642 _d32642 |
||